| 000 | 00537nam a2200193Ia 4500 | ||
|---|---|---|---|
| 003 | GCL | ||
| 008 | 140319s9999 xx 000 0 eng d | ||
| 040 |
_aGCL / _cGCL |
||
| 082 | 0 | 4 |
_a809.9352042 _bR F |
| 100 | 1 | _aRUSSO, MARY | |
| 245 | 1 | 0 |
_aTHE FEMALE GRATESQUE: RISK, EXCESS AND MODERNITY / _cRUSSO, MARY |
| 260 |
_a[S.N] : _bROUTLEDGE ، _c1995 |
||
| 300 | _a233 P | ||
| 650 | 0 | 4 | _aMODERN LITERATURE |
| 650 | 0 | 4 | _aWOMEN - LITERATURE |
| 650 | 0 | 4 | _aGROTESQUE IN LITERATURE |
| 650 | 0 | 4 | _aBODY, HUMAN IN LITERATURE |
| 942 |
_2ddc _cBK |
||
| 999 |
_c15894 _d15894 |
||